कुमार गन्धर्व / (Record no. 120140)

MARC details
000 -LEADER
fixed length control field 01148nam a22002897a 4500
003 - CONTROL NUMBER IDENTIFIER
control field dpl
005 - DATE AND TIME OF LATEST TRANSACTION
control field 20190226130552.0
008 - FIXED-LENGTH DATA ELEMENTS--GENERAL INFORMATION
fixed length control field 190226b ||||| |||| 00| 0 eng d
010 ## - LIBRARY OF CONGRESS CONTROL NUMBER
LC control number B-140512
020 ## - INTERNATIONAL STANDARD BOOK NUMBER
Terms of availability 300.00
International Standard Book Number 8181660285
035 ## - SYSTEM CONTROL NUMBER
System control number B-140512, B-140517
037 ## - SOURCE OF ACQUISITION
Source of stock number/acquisition Cen Lib/Ret
040 ## - CATALOGING SOURCE
Original cataloging agency DPL
Language of cataloging HN
Transcribing agency 0
082 ## - DEWEY DECIMAL CLASSIFICATION NUMBER
Classification number 780.92
Item number पोतदा
100 ## - MAIN ENTRY--PERSONAL NAME
Personal name पोतदार, वसंत
9 (RLIN) 88727
245 ## - TITLE STATEMENT
Title कुमार गन्धर्व /
Statement of responsibility, etc वसत पोतदार
246 ## - VARYING FORM OF TITLE
Title proper/short title Kumar gandharv /
Remainder of title by Vasat Potadar
260 ## - PUBLICATION, DISTRIBUTION, ETC. (IMPRINT)
Name of publisher, distributor, etc मेधा बुक्स
Place of publication, distribution, etc दिल्ली
Date of publication, distribution, etc 2004
270 ## - ADDRESS
Address एक्स-, नवीन शाहदरा
City दिल्ली
Postal code 110032
300 ## - PHYSICAL DESCRIPTION
Extent 189पृ.
Dimensions 21सेमी (सजिल्द)
500 ## - GENERAL NOTE
General note परिशिष्ट शामिल
650 ## - SUBJECT ADDED ENTRY--TOPICAL TERM
Topical term or geographic name as entry element कुमार गंधर्व, - 1924-1992।
9 (RLIN) 88728
650 ## - SUBJECT ADDED ENTRY--TOPICAL TERM
Topical term or geographic name as entry element गायक - भारत - जीवनी
9 (RLIN) 6720
650 ## - SUBJECT ADDED ENTRY--TOPICAL TERM
Topical term or geographic name as entry element Kumāra Gandharva, -- 1924-1992
9 (RLIN) 88729
650 ## - SUBJECT ADDED ENTRY--TOPICAL TERM
Topical term or geographic name as entry element Singers -- India -- Biography
9 (RLIN) 88730
942 ## - ADDED ENTRY ELEMENTS (KOHA)
Source of classification or shelving scheme Dewey Decimal Classification
Koha item type Hindi Books
Classification part 780.92
Call number suffix पोतदा
Holdings
Withdrawn status Lost status Damaged status Not for loan Home library Current library Date acquired Source of acquisition Cost, normal purchase price Total Checkouts Full call number Barcode Date last seen Copy number Cost, replacement price Price effective from Koha item type Source of classification or shelving scheme Collection code
        Central Library Central Library 21/09/2015 Cen Lib/Ref 300.00   780.92 पोतदा B-140512 21/09/2015 1 300.00 21/09/2015 Hindi Books    
        Shahdara Branch Shahdara Branch 26/02/2019 BPPD/PUB 300.00   780.92 पोतदा B-140517 26/02/2019   300.00 26/02/2019 Hindi Books Dewey Decimal Classification Non-fiction

© Delhi Public Library
Hit Counter
free hit counter